LEADER 01346nam a2200313 a 4500 001 000000137806 003 CaOOAMICUS 005 20140321085043.0 008 140318s2011 it u000 u ita r 020 $z9788887117844* 040 $aPUL$bita 041 1 $aita$hfre 082 04$a253.252 100 1 $aCochini, Christian,$cS.I.,$d1929-$0(OLS)http://pul/name/88907 240 14$aLes origines apostoliques du célibat sacerdotal.$lItaliano.$0(OLS)http://pul/title/174503 245 10$aOrigini apostoliche del celibato sacerdotale /$cChristian Cochini S.J. 260 $aRomae :$bNova Millennium,$c2011. 300 $a503 p. ;$c21 cm. 500 $aEdizione del volume curata da don Roberto De Odorico. 650 4$aCelibato ecclesiastico e religioso.$0(OLS)http://pul/subject/5927 700 1 $aDe Odorico, Roberto.$0(OLS)http://pul/name/88908 850 $aPUL 852 $aPUL$W1$xSL Religione 3$y85$m253. 252 COCCH 1$j158853$qDDC 21$B158376$CPULBib$Z2$F158376 $H137806 $82 941 1 $a9 996 $6020$z9788887117844*$9(OLS)http://pul/number/154862 996 $6082$a253.252$9(OLS)http://pul/classification/2614 996 $6245$aOrigini apostoliche del celibato sacerdotale$9(OLS)http://pul/title/174504 996 $6260$aRomae :$bNova Millennium$9(OLS)http://pul/publisher/82344 LEADER 01521nam a2200265 a 4500 001 000000154351 003 CaOOAMICUS 005 20160928085746.0 008 160928s2010 it u000 u ita r 032 $aLibriCat 040 $aPUL$bita 245 00$aAlberico Gentili :$bla tradizione giuridica perugina e la fondazione del diritto internazionale. Atti dell'Incontro di studio (Perugia, 10 ottobre 2008) / $ca cura di Ferdinando Treggiari. 260 $a[Perugia] :$bUniversità degli studi di Perugia,$c2010. 300 $a116 p. ;$c23 cm. 500 $aIncontro di studio con il patrocinio di Università degli studi di Perugia Comitato nazionale Alberico Gentili. 500 $aIn testa al front.: Università degli studi di Perugia. 504 $aBibliografia in nota. 600 14$aGentili, Alberico,$d1552-1608.$0(OLS)http://pul/subject/5624 700 1 $aTreggiari, Ferdinando.$0(OLS)http://pul/name/97921 710 2 $aUniversità degli studi di Perugia.$bComitato nazionale Alberico Gentili.$0(OLS)http://pul/name/98257 850 $aPUL 852 $aPUL$W1$xDP1 Fondo G. Barberini$y122$m4 G 85$j177417$qFondi$B180387$CPULBib$Z2$F180387 $HBar497 $81 996 $6245$aAlberico Gentili :$bla tradizione giuridica perugina e la fondazione del diritto internazionale. Atti dell'Incontro di studio (Perugia, 10 ottobre 2008) / $9(OLS)http://pul/title/193955 996 $6260$a[Perugia] :$bUniversità degli studi di Perugia$9(OLS)http://pul/publisher/64160